Hamilton Musical Quiz (easy) - Statistics

General Stats
  • This quiz has been taken 274 times
  • The average score is 8 of 15
Answer Stats
Hint Answer % Correct
The name of the title character Alexander Hamilton
100%
What is the first song of the musical? Alexander Hamilton
100%
The person who killed title character Aaron Burr
94%
Name of title character's son Phillip Hamilton
90%
Age the son died 19
88%
The name of the title character's wife Eliza Schuyler
84%
Who played the title character in the OBC Lin-Manuel Miranda
76%
What song features the line "I don't have a gun to brandish..." My Shot
54%
What is the name of the three sisters? Angelica, Eliza and Peggy
50%
What is the name of the papers Hamilton, James Madison and John Jay wrote in support of the Constitution? The Federalist Papers
33%
What is the last line of the show? Who lives, who dies, who tells your story?
27%
What is the main motif of Hamilton which shows his motivation throughout the show (repeated in the song "My Shot") "I am not throwing away my shot"
23%
What are the names of Hamilton's two enemies? Thomas Jefferson and James Madison
15%
What are the names of Hamilton's three friends? Lafayette, John Laurens and Hercules Mulligan
2%
Who won best featured actor at the Tony's from this musical? Leslie Odom Jnr
0%
No matching quizzes found
Score Distribution
Percent of People with Each Score
Percentile by Number Answered
Your Score History
You have not taken this quiz